[Event "SVK Extraliga 2018/2019"]
[Site "?"]
[Date "2019.02.17"]
[Round "6.8"]
[White "Fiacan, Robert"]
[Black "Magat, Jozef"]
[Result "1-0"]
[WhiteElo "2242"]
[BlackElo "2108"]
[PlyCount "117"]
[EventDate "2019.??.??"]

1. e4 g6 2. d4 Bg7 3. Nc3 d5 4. exd5 Nf6 5. Bb5+ Bd7 6. Bc4 O-O 7. Nf3 Bg4 8.
h3 Bc8 9. a4 a5 10. Ne5 Na6 11. Qf3 Nb4 12. Bb3 Bf5 13. Kd1 c5 14. dxc5 Nfxd5
15. Nxd5 Bxe5 16. Re1 Bg7 17. Bd2 Bxc2+ 18. Bxc2 Qxd5 19. Qxd5 Nxd5 20. Be4
Rfd8 21. Ke2 e6 22. Rab1 Bd4 23. Rec1 Rd7 24. Rc4 Be5 25. g3 Ra6 26. Bd3 Ra8
27. Re4 Bg7 28. Bb5 Rc7 29. Rc4 Bf8 30. Rbc1 Bg7 31. b3 Bf8 32. c6 b6 33. R1c2
Bd6 34. f4 Bf8 35. Kf3 Bd6 36. Be1 Bf8 37. Bf2 Bg7 38. Rd2 Rb8 39. g4 h6 40. f5
Be5 41. Re2 f6 42. fxe6 Re7 43. Rd2 Nc7 44. Rd7 Kf8 45. Be3 g5 46. Bc1 Rxe6 47.
Re4 Nxb5 48. axb5 Ke8 49. Rh7 Rd8 50. Rh8+ Ke7 51. Ba3+ Red6 52. Rxd8 Kxd8 53.
Rxe5 Rd3+ 54. Re3 Rd5 55. Be7+ Kc7 56. Bxf6 Rxb5 57. Rc3 Rc5 58. Rxc5 bxc5 59.
Bc3 1-0

[Event "SVK Extraliga 2018/2019"]
[Site "?"]
[Date "2019.02.17"]
[Round "6.1"]
[White "Papp, Gabor"]
[Black "Pechac, Jergus"]
[Result "1/2-1/2"]
[WhiteElo "2610"]
[BlackElo "2459"]
[PlyCount "88"]
[EventDate "2019.??.??"]

1. e4 c6 2. Nc3 d5 3. Nf3 dxe4 4. Nxe4 Nf6 5. Qe2 Na6 6. d4 Qd5 7. Nc3 Qa5 8.
Ne5 Nb4 9. a3 Be6 10. Rb1 Nbd5 11. Bd2 Qb6 12. Qd3 Nxc3 13. Bxc3 g6 14. Be2 Bg7
15. O-O O-O 16. Bf3 Bf5 17. Qd2 Qc7 18. Rfe1 Nd5 19. b4 Nxc3 20. Qxc3 Rac8 21.
Rbd1 Be6 22. Qe3 Rcd8 23. c4 Qb6 24. h4 Bf5 25. h5 a5 26. hxg6 hxg6 27. c5 Qc7
28. d5 axb4 29. axb4 cxd5 30. Rxd5 Rxd5 31. Bxd5 e6 32. Bf3 Rd8 33. b5 Rc8 34.
c6 Bxe5 35. Qxe5 Qxe5 36. Rxe5 bxc6 37. bxc6 Kf8 38. Rb5 Bd3 39. Rb7 Bc4 40. g4
Bd5 41. Bxd5 exd5 42. Rd7 Rxc6 43. Rxd5 Kg7 44. Kg2 Rc4 1/2-1/2

[Event "SVK Extraliga 2018/2019"]
[Site "?"]
[Date "2019.02.17"]
[Round "6.2"]
[White "Repka, Christopher"]
[Black "Banusz, Tamas"]
[Result "0-1"]
[WhiteElo "2481"]
[BlackElo "2612"]
[PlyCount "60"]
[EventDate "2019.??.??"]

1. d4 d5 2. c4 c6 3. Nf3 Nf6 4. e3 Bf5 5. Nc3 e6 6. Nh4 Bg6 7. Nxg6 hxg6 8. g3
Nbd7 9. Qe2 dxc4 10. Qxc4 e5 11. Bg2 exd4 12. exd4 Qe7+ 13. Be3 Ng4 14. Qe2
Nxe3 15. fxe3 O-O-O 16. O-O Nf6 17. Rac1 Kb8 18. b4 Nd5 19. Nxd5 cxd5 20. Rc3
Qe6 21. Rfc1 Be7 22. Rc7 Bg5 23. R1c3 a6 24. b5 a5 25. h4 Be7 26. b6 Bb4 27.
R3c6 bxc6 28. Qa6 Qxe3+ 29. Kh1 Qe1+ 30. Bf1 Rxh4+ 0-1

[Event "SVK Extraliga 2018/2019"]
[Site "?"]
[Date "2019.02.17"]
[Round "6.3"]
[White "Antal, Gergely"]
[Black "Kociscak, Jiri"]
[Result "1/2-1/2"]
[WhiteElo "2546"]
[BlackElo "2501"]
[PlyCount "81"]
[EventDate "2019.??.??"]

1. Nf3 d5 2. d4 e6 3. Bf4 c5 4. e3 Nc6 5. c3 Nf6 6. Nbd2 Bd6 7. Bg3 Bxg3 8.
hxg3 Qd6 9. Bd3 e5 10. dxe5 Nxe5 11. Nxe5 Qxe5 12. Qa4+ Bd7 13. Qf4 Qe7 14. Qg5
O-O-O 15. Qxg7 Ng4 16. Rxh7 Nxe3 17. Qxh8 Nc2+ 18. Kf1 Nxa1 19. Qg7 c4 20. Bb1
Re8 21. Kg1 Qe1+ 22. Kh2 Qxf2 23. Qxf7 Qxf7 24. Rxf7 Re2 25. Nf3 Rxb2 26. Bh7
Re2 27. Nd4 Rxa2 28. Bf5 Bxf5 29. Nxf5 Nc2 30. g4 Ne1 31. Nd6+ Kd8 32. Nxb7+
Ke8 33. Nd6+ Kd8 34. Kh3 d4 35. Nb7+ Ke8 36. Nd6+ Kd8 37. cxd4 c3 38. Nb7+ Kc8
39. Nd6+ Kd8 40. Nb7+ Kc8 41. Nd6+ 1/2-1/2

[Event "SVK Extraliga 2018/2019"]
[Site "?"]
[Date "2019.02.17"]
[Round "6.4"]
[White "Petrik, Tomas"]
[Black "Ftacnik, Lubomir"]
[Result "0-1"]
[WhiteElo "2469"]
[BlackElo "2500"]
[PlyCount "78"]
[EventDate "2019.??.??"]

1. e4 c5 2. Nf3 d6 3. d4 cxd4 4. Nxd4 Nf6 5. Nc3 a6 6. a4 e6 7. a5 Nc6 8. Nb3
d5 9. exd5 exd5 10. Bd3 Bg4 11. f3 Be6 12. Be3 Bb4 13. Bb6 Qb8 14. Ra4 Nd7 15.
Be3 O-O 16. O-O Re8 17. Kh1 Nde5 18. Ne2 Bd7 19. Bc5 Nxd3 20. cxd3 Bxa5 21.
Nxa5 Nxa5 22. Rxa5 b6 23. Bxb6 Qxb6 24. Ra2 d4 25. Qd2 Re3 26. Ng3 Rae8 27. Ra3
Qg6 28. Qb4 Rxd3 29. Ne4 Bb5 30. Rxd3 Bxd3 31. Re1 Bb5 32. Rc1 Qh6 33. Rd1 Be2
34. Re1 d3 35. Qd4 Rc8 36. Nc3 Qd2 37. Rg1 Qxb2 38. Rb1 Qc2 39. h3 h6 0-1

[Event "SVK Extraliga 2018/2019"]
[Site "?"]
[Date "2019.02.17"]
[Round "6.5"]
[White "Pacher, Milan"]
[Black "Jurcik, Marian"]
[Result "0-1"]
[WhiteElo "2439"]
[BlackElo "2464"]
[PlyCount "73"]
[EventDate "2019.??.??"]

1. d4 d5 2. c4 e6 3. Nc3 a6 4. cxd5 exd5 5. Nf3 Nf6 6. Bg5 Be6 7. Qc2 Nbd7 8.
O-O-O Be7 9. Kb1 O-O 10. e3 c5 11. dxc5 Rc8 12. Nd4 Nxc5 13. f3 b5 14. Bd3 Na4
15. Bxf6 Bxf6 16. Bxh7+ Kh8 17. Bd3 Nxc3+ 18. bxc3 b4 19. g4 bxc3 20. Ka1 Qb6
21. Qf2 Bd7 22. Rb1 Qc5 23. Bc2 Rfe8 24. Rb7 Rc7 25. Rhb1 g6 26. g5 Bg7 27. f4
Rxb7 28. Rxb7 Qc8 29. Rb1 Bxd4 30. exd4 Bf5 31. Rc1 Qc4 32. Bb3 Qd3 33. Re1
Rxe1+ 34. Qxe1 Qxd4 35. Qe5+ Qxe5 36. fxe5 d4 37. e6 0-1

[Event "SVK Extraliga 2018/2019"]
[Site "?"]
[Date "2019.02.17"]
[Round "6.6"]
[White "Nayhebaver, Martin"]
[Black "Bures, Jaroslav"]
[Result "0-1"]
[WhiteElo "2462"]
[BlackElo "2395"]
[PlyCount "110"]
[EventDate "2019.??.??"]

1. e4 c6 2. Nc3 d5 3. Nf3 dxe4 4. Nxe4 Nf6 5. Qe2 Nxe4 6. Qxe4 Qa5 7. Bc4 Bf5
8. Qf4 e6 9. c3 Nd7 10. O-O Qc5 11. Be2 Bd6 12. Qa4 Qb6 13. d4 Qc7 14. c4 O-O
15. Be3 c5 16. h3 e5 17. dxe5 Nxe5 18. Rad1 b6 19. Rd2 Rad8 20. Rfd1 Nxf3+ 21.
Bxf3 Bh2+ 22. Kf1 Rxd2 23. Rxd2 Bf4 24. Qc6 Qb8 25. Qb7 Bxe3 26. Qxb8 Rxb8 27.
fxe3 Kf8 28. Bd5 Ke7 29. Ke2 Rd8 30. Bf3 Rxd2+ 31. Kxd2 Kd6 32. Bd5 f6 33. e4
Bg6 34. Ke3 Ke5 35. Bc6 h6 36. Bb7 Bh7 37. Bd5 g5 38. Bc6 h5 39. Bd5 h4 40. Bb7
Bg6 41. Bc6 Bf7 42. Bd5 Be8 43. Bg8 Ba4 44. b3 Bc6 45. Bd5 Be8 46. Bb7 Bg6 47.
Bc6 a5 48. Bb7 f5 49. exf5 Bxf5 50. Bc6 Bb1 51. a3 Bc2 52. a4 Bxb3 53. Bb5 Bc2
54. Bc6 Bf5 55. Be8 Be4 0-1

[Event "SVK Extraliga 2018/2019"]
[Site "?"]
[Date "2019.02.17"]
[Round "6.7"]
[White "Briestensky, Rastislav"]
[Black "Kostelny, Jozef"]
[Result "1-0"]
[WhiteElo "2317"]
[BlackElo "2212"]
[PlyCount "97"]
[EventDate "2019.??.??"]

1. d4 Nf6 2. Nf3 g6 3. e3 Bg7 4. Be2 O-O 5. O-O d6 6. c4 Nc6 7. Nc3 e5 8. d5
Ne7 9. Ne1 Nd7 10. Rb1 f5 11. f4 g5 12. fxg5 Ng6 13. Nf3 e4 14. Nd4 Nde5 15.
Ne6 Bxe6 16. dxe6 Qxg5 17. Nd5 Kh8 18. e7 Rg8 19. Nxc7 Nh4 20. g3 Nef3+ 21.
Bxf3 exf3 22. Rxf3 Qg4 23. Kf2 Qh3 24. Qh1 Nxf3 25. Qxf3 Qxh2+ 26. Qg2 Qh5 27.
Nxa8 Qd1 28. Qd5 Qc2+ 29. Bd2 Rxa8 30. Rc1 Qxb2 31. c5 Qe5 32. Qxe5 Bxe5 33.
Bc3 Kg8 34. Bxe5 dxe5 35. Rd1 Re8 36. Rd7 Kf7 37. Rxb7 Rxe7 38. c6 Ke6 39. e4
fxe4 40. Ke3 Kd6 41. Kxe4 Re8 42. c7 Rc8 43. Rxa7 Kc6 44. Ra3 Kb6 45. Rc3 Kb7
46. g4 h6 47. a3 Kb6 48. Kxe5 Kb7 49. Kd6 1-0

[Event "SVK Extraliga 2018/2019"]
[Site "?"]
[Date "2019.02.17"]
[Round "6.8"]
[White "Kopera, Michal"]
[Black "Petran, Peter"]
[Result "0-1"]
[WhiteElo "2146"]
[BlackElo "2236"]
[PlyCount "164"]
[EventDate "2019.??.??"]

1. e4 c6 2. d4 d5 3. Nc3 dxe4 4. Nxe4 Nf6 5. Nxf6+ gxf6 6. Nf3 Bf5 7. Bd3 Bg6
8. h4 Bh5 9. Be2 Nd7 10. c3 Qc7 11. g3 e6 12. Bf4 Bd6 13. Bxd6 Qxd6 14. Qb3
O-O-O 15. O-O-O f5 16. Ng1 Bxe2 17. Nxe2 Nf6 18. Nf4 Ne4 19. Nd3 Rhg8 20. Rhe1
Qc7 21. Re2 Qe7 22. Ne5 Nf6 23. Nd3 Qc7 24. Qc2 b6 25. Qa4 Kb7 26. Qb3 a5 27.
Nf4 Nd5 28. Nxd5 cxd5 29. Re5 Rg4 30. Qc2 Rdg8 31. Qd2 R8g6 32. Kb1 Rf6 33. Qe2
Qc6 34. Re3 Rfg6 35. Rf3 b5 36. a3 Qc4 37. Qe5 Qc7 38. Qh8 Rg7 39. Qe8 Kb6 40.
a4 bxa4 41. Qxa4 Qc6 42. Qa3 Rg8 43. Kc2 Rc8 44. Kd2 Qb5 45. Ra1 Rc7 46. Re3
Rg8 47. Ree1 Ra8 48. Rg1 h5 49. Rgb1 Kb7 50. b3 Qb6 51. Qa4 Qc6 52. Qxc6+ Rxc6
53. Ra4 Rac8 54. c4 dxc4 55. bxc4+ Rb6 56. Rxb6+ Kxb6 57. Kd3 Rg8 58. Ke3 Rg4
59. Ra2 e5 60. Rb2+ Ka6 61. dxe5 Rxc4 62. f3 Rb4 63. Rd2 a4 64. Rd8 Kb5 65. Rd7
a3 66. Rb7+ Kc4 67. Rxf7 Ra4 68. Rd7 a2 69. Rd4+ Kb5 70. Rd1 a1=Q 71. Rxa1 Rxa1
72. Kf4 Rf1 73. Kxf5 Rxf3+ 74. Kg5 Kc6 75. Kxh5 Rxg3 76. Kh6 Kd5 77. h5 Kxe5
78. Kh7 Kf6 79. h6 Rg6 80. Kh8 Rxh6+ 81. Kg8 Rh1 82. Kf8 Rh8# 0-1

[Event "SVK Extraliga 2018/2019"]
[Site "?"]
[Date "2019.02.17"]
[Round "6.1"]
[White "Vajda, Levente"]
[Black "Mazur, Stefan"]
[Result "1/2-1/2"]
[WhiteElo "2539"]
[BlackElo "2428"]
[PlyCount "83"]
[EventDate "2019.??.??"]

1. e4 e5 2. Nf3 Nc6 3. Bc4 Nf6 4. d3 Bc5 5. c3 d6 6. O-O h6 7. a4 a5 8. Be3
Bxe3 9. fxe3 O-O 10. Qe1 Be6 11. Nbd2 Bxc4 12. dxc4 Nd7 13. Nh4 g6 14. Rf3 Nc5
15. Qg3 Qg5 16. Qh3 Rae8 17. Nf5 Kh7 18. Rg3 Qh5 19. Qxh5 gxh5 20. Rh3 Re6 21.
Rxh5 Rg8 22. b3 Rg5 23. Ng3 Rxh5 24. Nxh5 Kg6 25. g4 Ne7 26. Rf1 c6 27. Ng3 d5
28. h4 dxc4 29. Nxc4 Nxb3 30. Rb1 Nc5 31. Nxa5 Nxa4 32. Nxb7 Ng8 33. c4 Nf6 34.
Rb4 Nc3 35. Nc5 Rd6 36. Rb8 Rd1+ 37. Kg2 Rd2+ 38. Kf3 Nd1 39. Ne2 Kg7 40. Rb1
Rxe2 41. Rxd1 Rc2 42. Nd3 1/2-1/2

[Event "SVK Extraliga 2018/2019"]
[Site "?"]
[Date "2019.02.17"]
[Round "6.2"]
[White "Hrabusa, Matej"]
[Black "Petenyi, Tamas"]
[Result "1/2-1/2"]
[WhiteElo "2405"]
[BlackElo "2427"]
[PlyCount "30"]
[EventDate "2019.??.??"]

1. d4 Nf6 2. Bf4 d6 3. Nc3 Bf5 4. e3 Nbd7 5. Nf3 a6 6. h3 c5 7. Nh4 Bg6 8. Nxg6
hxg6 9. d5 Qc7 10. a4 Nh7 11. Bg3 g5 12. h4 gxh4 13. Rxh4 g6 14. Ne4 Bg7 15. c3
O-O-O 1/2-1/2

[Event "SVK Extraliga 2018/2019"]
[Site "?"]
[Date "2019.02.17"]
[Round "6.3"]
[White "Nemeth, Miklos"]
[Black "Rojicek, Vojtech"]
[Result "1-0"]
[WhiteElo "2484"]
[BlackElo "2389"]
[PlyCount "63"]
[EventDate "2019.??.??"]

1. e4 e6 2. d4 d5 3. Nd2 c5 4. exd5 Qxd5 5. Ngf3 cxd4 6. Bc4 Qd6 7. Qe2 Nf6 8.
Nb3 Nc6 9. Bg5 a6 10. O-O-O b5 11. Bd3 Be7 12. Nbxd4 Nxd4 13. Nxd4 Qd5 14. f4
Qxa2 15. c3 Bd7 16. Bb1 Qa5 17. Bxf6 Bxf6 18. Nf5 Qc7 19. Nd6+ Kf8 20. Rd2 b4
21. c4 Rd8 22. Bc2 Bc6 23. Rhd1 Be7 24. Qe5 Bxd6 25. Rxd6 Rxd6 26. Qxd6+ Qxd6
27. Rxd6 Be8 28. Rxa6 g5 29. fxg5 h6 30. g6 Rg8 31. Ra8 fxg6 32. Ba4 1-0

[Event "SVK Extraliga 2018/2019"]
[Site "?"]
[Date "2019.02.17"]
[Round "6.5"]
[White "Varga, Zoltan"]
[Black "Haring, Viktor"]
[Result "1-0"]
[WhiteElo "2436"]
[BlackElo "2278"]
[PlyCount "117"]
[EventDate "2019.??.??"]

1. e4 c5 2. Nf3 Nc6 3. Bb5 e6 4. Bxc6 bxc6 5. b3 d6 6. d4 cxd4 7. Qxd4 e5 8.
Qd3 Nf6 9. O-O Be7 10. c4 O-O 11. Nc3 Nh5 12. Rd1 f5 13. c5 fxe4 14. Qxe4 d5
15. Qxe5 Bg4 16. Qd4 Bxf3 17. gxf3 Bf6 18. Qd3 Be5 19. Re1 Bf4 20. Ne2 Bxc1 21.
Raxc1 Qg5+ 22. Kh1 Rae8 23. Rg1 Qh4 24. Nd4 Nf4 25. Qd2 Nh3 26. Rg3 Rf6 27. b4
Re5 28. f4 Nxf4 29. Nf3 Qh5 30. Nxe5 Qxe5 31. Re1 Qf5 32. Qd4 Nh3 33. f3 Nf4
34. Qe5 Qxe5 35. Rxe5 d4 36. Re4 d3 37. Rd4 Ne2 38. Rxd3 Nxg3+ 39. hxg3 Re6 40.
Ra3 Re7 41. f4 Kf7 42. Kg2 Rb7 43. Kf3 Ke6 44. Re3+ Kd5 45. Re4 a5 46. Re5+ Kd4
47. bxa5 Ra7 48. Kg4 Rxa5 49. Re7 Rxa2 50. Rxg7 Rh2 51. Rg5 Rh6 52. Re5 Rg6+
53. Kf3 Rf6 54. g4 h6 55. Kg3 Rg6 56. Kh4 Rf6 57. Rf5 Re6 58. Kh5 Kc4 59. g5
1-0

[Event "SVK Extraliga 2018/2019"]
[Site "?"]
[Date "2019.02.17"]
[Round "6.6"]
[White "Tropp, Oliver"]
[Black "Bagi, Mate"]
[Result "0-1"]
[WhiteElo "2169"]
[BlackElo "2459"]
[PlyCount "94"]
[EventDate "2019.??.??"]

1. e4 e5 2. d3 Nc6 3. Nc3 Nf6 4. g3 d5 5. exd5 Nxd5 6. Bg2 Nxc3 7. bxc3 Bc5 8.
Rb1 O-O 9. Ne2 f5 10. O-O f4 11. d4 f3 12. dxc5 fxg2 13. Kxg2 Qe7 14. Be3 Be6
15. h4 Rad8 16. Qc1 Qf7 17. Ng1 Bxa2 18. Rxb7 Bd5+ 19. Kh2 Rd7 20. Rd1 a5 21.
Rb1 Qf5 22. Rd2 Qe4 23. Rxd5 Qxd5 24. Nh3 a4 25. Ra1 Ra8 26. Qb2 h6 27. Qb7 Ne7
28. Qb5 Qc6 29. Qc4+ Kh8 30. Qg4 a3 31. Qh5 Qf6 32. Rxa3 Rf8 33. c6 Qxc6 34.
Qxe5 Nf5 35. Qc5 Qf6 36. Bf4 Re8 37. Ra5 Nd6 38. Qh5 Qf7 39. Qg4 Ne4 40. Rf5
Nf6 41. Qf3 Qg6 42. Ra5 Kh7 43. Rc5 Ree7 44. Kg2 Qxc2 45. Be5 Rf7 46. Nf4 Ne4
47. Rc6 Nxf2 0-1

[Event "SVK Extraliga 2018/2019"]
[Site "?"]
[Date "2019.02.17"]
[Round "6.7"]
[White "Czebe, Attila"]
[Black "Hros, Roman"]
[Result "1-0"]
[WhiteElo "2392"]
[BlackElo "2204"]
[PlyCount "125"]
[EventDate "2019.??.??"]

1. e4 c5 2. Nf3 e6 3. b3 b6 4. Bb2 Bb7 5. Nc3 Nf6 6. Bd3 d6 7. e5 dxe5 8. Nxe5
Nbd7 9. Nxd7 Qxd7 10. Qe2 Be7 11. Ne4 Nxe4 12. Bxe4 Bxe4 13. Qxe4 O-O 14. O-O-O
Qd5 15. Qxd5 exd5 16. Rhe1 Rfe8 17. Re5 Rad8 18. Rde1 Kf8 19. h3 Bf6 20. Rxe8+
Rxe8 21. Rxe8+ Kxe8 22. Bxf6 gxf6 23. d4 Kd7 24. Kd2 Kc6 25. Kd3 Kd6 26. c3 a5
27. g4 Kc6 28. dxc5 Kxc5 29. a3 f5 30. gxf5 f6 31. b4+ Kb5 32. Kd4 Ka4 33. bxa5
bxa5 34. Kxd5 Kxa3 35. c4 Kb2 36. c5 a4 37. c6 a3 38. c7 a2 39. Ke6 a1=Q 40.
c8=Q Qe1+ 41. Kxf6 Qxf2 42. Kf7 Qa7+ 43. Kg8 Qg1+ 44. Kf8 Qb6 45. Qe6 Qb8+ 46.
Kg7 Qg3+ 47. Kh8 Qxh3 48. Qe5+ Kc2 49. Qc5+ Kd2 50. f6 Qf3 51. Qg5+ Ke2 52. Kg8
Qa8+ 53. Kg7 Qa1 54. Kh6 Qa6 55. Qe5+ Kf3 56. Kg7 Qc8 57. Qd5+ Kf4 58. Qd4+ Kg3
59. f7 Qb7 60. Qf6 h5 61. Kh6 Qxf7 62. Qxf7 h4 63. Qf1 1-0

[Event "SVK Extraliga 2018/2019"]
[Site "?"]
[Date "2019.02.17"]
[Round "6.1"]
[White "Balogh, Csaba"]
[Black "Jakab, Bela"]
[Result "1/2-1/2"]
[WhiteElo "2631"]
[BlackElo "2305"]
[PlyCount "78"]
[EventDate "2019.??.??"]

1. e4 e6 2. d4 d5 3. Nd2 c5 4. exd5 Qxd5 5. dxc5 Bxc5 6. Ngf3 Nf6 7. Bc4 Qc6 8.
Qe2 a6 9. Nb3 Bd6 10. Bg5 b5 11. Bd3 Nbd7 12. O-O O-O 13. c4 bxc4 14. Bxc4 Bb7
15. Na5 Bxh2+ 16. Kh1 Qb6 17. Nxb7 Bb8 18. Rad1 Qxb7 19. Rd3 h6 20. Rb3 Qc6 21.
Bd2 Ne4 22. Be3 Ndc5 23. Ra3 a5 24. Nd4 Qb7 25. Nb5 Qe7 26. Qh5 Rd8 27. Kg1 Nb7
28. Qg4 Nf6 29. Qh4 Be5 30. Be2 Bxb2 31. Rb3 Be5 32. Na7 Nc5 33. Nc6 Qc7 34.
Nxd8 Nxb3 35. Nxe6 fxe6 36. axb3 Nd5 37. Bc4 Rf8 38. Qe4 Nxe3 39. Qxe3 Kh8
1/2-1/2

[Event "SVK Extraliga 2018/2019"]
[Site "?"]
[Date "2019.02.17"]
[Round "6.2"]
[White "Cibickova, Zuzana"]
[Black "Michalik, Peter"]
[Result "1/2-1/2"]
[WhiteElo "2243"]
[BlackElo "2567"]
[PlyCount "76"]
[EventDate "2019.??.??"]

1. e4 c5 2. Nf3 e6 3. c4 Nc6 4. Nc3 Nd4 5. g3 Ne7 6. Bg2 Nec6 7. O-O g5 8. d3
g4 9. Nxd4 cxd4 10. Ne2 e5 11. f4 d6 12. Bd2 a5 13. b3 h5 14. f5 Qf6 15. Qc1
Bh6 16. Bxh6 Qxh6 17. Qxh6 Rxh6 18. a3 Rb8 19. a4 Nb4 20. Nc1 Nc2 21. Rb1 Bd7
22. Na2 h4 23. Rf2 Ne3 24. Re2 Ke7 25. Nc3 Nxg2 26. Nd5+ Kd8 27. Kxg2 Bc6 28.
b4 Bxd5 29. cxd5 hxg3 30. Kxg3 Rh3+ 31. Kxg4 Rxd3 32. bxa5 Ke7 33. f6+ Kxf6 34.
Rf2+ Ke7 35. a6 b6 36. Rbf1 Rg8+ 37. Kh4 Rh8+ 38. Kg4 Rg8+ 1/2-1/2

[Event "SVK Extraliga 2018/2019"]
[Site "?"]
[Date "2019.02.17"]
[Round "6.3"]
[White "Rigo, Zsolt"]
[Black "Molnar, Erno"]
[Result "1-0"]
[WhiteElo "2387"]
[BlackElo "2245"]
[PlyCount "97"]
[EventDate "2019.??.??"]

1. Nf3 Nf6 2. c4 g6 3. Nc3 d5 4. cxd5 Nxd5 5. Qa4+ Bd7 6. Qh4 Nxc3 7. dxc3 Nc6
8. e4 e5 9. Qxd8+ Rxd8 10. Be3 f6 11. Bc4 Na5 12. Be2 Be6 13. Nd2 b6 14. b4 Nb7
15. a4 Kf7 16. O-O Be7 17. Rfb1 f5 18. Nf3 Bf6 19. Ng5+ Bxg5 20. Bxg5 Rb8 21.
exf5 gxf5 22. Bh5+ Kg7 23. Re1 h6 24. Bh4 e4 25. Bg3 Kf6 26. Bxc7 Rbc8 27. Bf4
Rxc3 28. Rec1 Rd3 29. Rc7 Rd7 30. Rac1 Rhh7 31. Rxd7 Rxd7 32. h4 Kg7 33. Be5+
Kh7 34. Kh2 Nd6 35. Rc6 Bf7 36. Be2 Ne8 37. Bb5 Re7 38. Bf4 h5 39. a5 bxa5 40.
bxa5 Kg7 41. Bh6+ Kg8 42. Be3 Re5 43. Rc5 Rxc5 44. Bxc5 Nc7 45. Bd7 f4 46. Bxa7
Nd5 47. Bd4 e3 48. fxe3 fxe3 49. Bb5 1-0

[Event "SVK Extraliga 2018/2019"]
[Site "Podhajska"]
[Date "2019.02.17"]
[Round "6.1"]
[White "Cvek, Robert"]
[Black "Balog, Imre"]
[Result "1/2-1/2"]
[WhiteElo "2512"]
[BlackElo "2563"]
[PlyCount "20"]
[EventDate "2019.??.??"]

1. Nf3 d5 2. e3 Nf6 3. c4 c6 4. d4 a6 5. Bd3 g6 6. O-O Bg7 7. Nc3 O-O 8. h3 b5
9. cxd5 cxd5 10. Bd2 Nc6 1/2-1/2

[Event "SVK Extraliga 2018/2019"]
[Site "Podhajska"]
[Date "2019.02.17"]
[Round "6.2"]
[White "Mihok, Oliver"]
[Black "Vykouk, Jan"]
[Result "1/2-1/2"]
[WhiteElo "2540"]
[BlackElo "2438"]
[PlyCount "97"]
[EventDate "2019.??.??"]

1. e4 c5 2. Nf3 d6 3. d4 cxd4 4. Nxd4 Nf6 5. Nc3 a6 6. Be3 e5 7. Nb3 Be7 8. f3
O-O 9. Qd2 Be6 10. O-O-O a5 11. a4 Nc6 12. g4 Nb4 13. Kb1 Rc8 14. g5 Nh5 15.
Rg1 f5 16. gxf6 Rxf6 17. Bg5 Rxf3 18. Bxe7 Qxe7 19. Qxd6 Qxd6 20. Rxd6 Bxb3 21.
cxb3 Nf6 22. Bc4+ Kh8 23. Rb6 Rd8 24. Rxb7 g6 25. Bd5 Rf2 26. Rf7 Nbxd5 27.
exd5 Kg8 28. Ra7 Nxd5 29. Nxd5 Rxd5 30. Rc1 Rf7 31. Rc8+ Kg7 32. Rxf7+ Kxf7 33.
Kc2 Kf6 34. Rf8+ Kg5 35. b4 axb4 36. Kb3 e4 37. Kxb4 e3 38. a5 Rd2 39. Kc3 Rd1
40. Re8 Kf4 41. b4 Ra1 42. Kd4 Ra3 43. Re6 Kf3 44. a6 e2 45. b5 g5 46. Rf6+ Kg2
47. Re6 Kf2 48. Rf6+ Kg2 49. Re6 1/2-1/2

[Event "SVK Extraliga 2018/2019"]
[Site "Podhajska"]
[Date "2019.02.17"]
[Round "6.3"]
[White "Jablonicky, Martin"]
[Black "Horvath, Csaba"]
[Result "0-1"]
[WhiteElo "2308"]
[BlackElo "2508"]
[PlyCount "88"]
[EventDate "2019.??.??"]

1. e4 c5 2. Nf3 e6 3. Nc3 a6 4. Be2 b5 5. O-O Bb7 6. d4 cxd4 7. Nxd4 Ne7 8. Bf3
Nbc6 9. Nxc6 Nxc6 10. e5 Qc7 11. Bf4 f6 12. Re1 O-O-O 13. Ne4 fxe5 14. Bg5 Re8
15. Bh5 g6 16. Bg4 h6 17. Bf6 Rh7 18. a4 b4 19. Bh4 Rf7 20. Qd3 Kb8 21. c3 Rc8
22. Bg3 h5 23. Ng5 Rg7 24. Bf3 Be7 25. Bxc6 Qxc6 26. f3 d6 27. Nxe6 Rf7 28.
cxb4 Qd5 29. Qxd5 Bxd5 30. Nc5 h4 31. Nxa6+ Kb7 32. Bf2 Kxa6 33. b5+ Ka5 34.
Reb1 Kb4 35. Ra3 Rc2 36. Be1+ Kc4 37. b3+ Kc5 38. b4+ Kc4 39. Rbb3 h3 40. Rc3+
Rxc3 41. Rxc3+ Kxb4 42. Rd3+ Kc5 43. a5 Bc4 44. a6 Bxd3 0-1

[Event "SVK Extraliga 2018/2019"]
[Site "Podhajska"]
[Date "2019.02.17"]
[Round "6.4"]
[White "Likavsky, Tomas"]
[Black "Berezjuk, Sergej"]
[Result "1-0"]
[WhiteElo "2428"]
[BlackElo "2413"]
[PlyCount "83"]
[EventDate "2019.??.??"]

1. d4 d5 2. c4 dxc4 3. Nf3 Nf6 4. e3 e6 5. Bxc4 c5 6. O-O a6 7. dxc5 Bxc5 8.
Qxd8+ Kxd8 9. Ne5 Ke7 10. Be2 Nbd7 11. Nc4 b6 12. Nc3 a5 13. Na4 Ba6 14. Nxc5
Nxc5 15. b3 Nd5 16. Bb2 f6 17. Rfc1 Rab8 18. Bd4 Bxc4 19. Rxc4 Nd7 20. Rac1 b5
21. Rc6 Nb4 22. Rc7 Nxa2 23. Ra1 Nb4 24. Rxa5 Nd5 25. Rca7 Rhc8 26. g3 Rc1+ 27.
Kg2 Nc7 28. Bd3 Kd6 29. Bxh7 e5 30. Bb2 Rd1 31. Bf5 Nc5 32. Ba3 b4 33. Rxc5
Kxc5 34. Rxc7+ Kb5 35. Bc1 Ra8 36. e4 Rd3 37. Rb7+ Ka5 38. Be6 Rc3 39. Bd2 Rc2
40. Bxb4+ Ka6 41. Rxg7 Rb8 42. Be7 1-0

[Event "SVK Extraliga 2018/2019"]
[Site "Podhajska"]
[Date "2019.02.17"]
[Round "6.5"]
[White "Istona, Martin"]
[Black "Chovan, Milan"]
[Result "1/2-1/2"]
[WhiteElo "2269"]
[BlackElo "2336"]
[PlyCount "36"]
[EventDate "2019.??.??"]

1. e4 e5 2. Nf3 Nc6 3. d4 exd4 4. Nxd4 Bc5 5. Nb3 Bb6 6. Nc3 Nf6 7. Bg5 h6 8.
Bh4 O-O 9. Qe2 a5 10. a4 Nd4 11. Qd3 Nxb3 12. cxb3 c6 13. O-O-O d5 14. exd5
cxd5 15. Qc2 Be6 16. Nxd5 Bxd5 17. Bxf6 Qxf6 18. Rxd5 Qxf2 1/2-1/2

[Event "SVK Extraliga 2018/2019"]
[Site "Podhajska"]
[Date "2019.02.17"]
[Round "6.6"]
[White "Maslikova, Veronika"]
[Black "Karas, Marek"]
[Result "1/2-1/2"]
[WhiteElo "2229"]
[BlackElo "2261"]
[PlyCount "99"]
[EventDate "2019.??.??"]

1. e4 e6 2. d3 d5 3. Nd2 c5 4. Ngf3 Nc6 5. g3 Nf6 6. Bg2 Be7 7. O-O b6 8. Re1
Bb7 9. exd5 Nxd5 10. Ne4 Qd7 11. Bh3 h6 12. Bd2 Nf6 13. Bg2 Nxe4 14. dxe4 Rd8
15. c3 O-O 16. Be3 Qxd1 17. Raxd1 Bf6 18. Rxd8 Rxd8 19. Bf1 Kf8 20. Bc1 Nb8 21.
Nd2 Be5 22. f4 Bc7 23. Kf2 Bc6 24. e5 b5 25. Nb3 Bb6 26. Be3 Na6 27. Be2 Be8
28. Rd1 Rxd1 29. Bxd1 c4 30. Nd4 Nc5 31. Bc2 Ke7 32. Ke2 Kd8 33. Kd2 Kc7 34.
Ke2 a5 35. a3 Na6 36. Be4 Bc5 37. f5 Bxd4 38. Bxd4 Bc6 39. Ke3 Bxe4 40. Kxe4
Kd7 41. g4 Nb8 42. f6 g5 43. Bf2 Nc6 44. h4 gxh4 45. Bxh4 a4 46. Be1 Ke8 47.
Bd2 Kf8 48. Bxh6+ Kg8 49. Be3 Kh7 50. Bb6 1/2-1/2

[Event "SVK Extraliga 2018/2019"]
[Site "?"]
[Date "2019.03.09"]
[Round "7.3"]
[White "Rojicek, Vojtech"]
[Black "Cibickova, Zuzana"]
[Result "1-0"]
[WhiteElo "2382"]
[BlackElo "2250"]
[PlyCount "57"]
[EventDate "2019.??.??"]

1. Nf3 d5 2. e3 Nf6 3. c4 c6 4. Nc3 e6 5. Qc2 Nbd7 6. b3 Bd6 7. Bb2 Qe7 8. Be2
O-O 9. g4 Rd8 10. g5 Ne8 11. h4 dxc4 12. Bxc4 Nf8 13. Rg1 b5 14. Be2 e5 15. Rc1
a6 16. Ne4 Bf5 17. Nf6+ Nxf6 18. Qxf5 N6d7 19. Rxc6 Bb4 20. Rg4 Rdc8 21. Rxc8
Rxc8 22. Nxe5 g6 23. Qxf7+ Qxf7 24. Nxf7 Kxf7 25. Rxb4 Rc2 26. Bc3 Rxa2 27. Bd3
Nc5 28. Bb1 Ra3 29. Bb2 1-0

[Event "SVK Extraliga 2018/2019"]
[Site "?"]
[Date "2019.03.09"]
[Round "7.4"]
[White "Molnar, Erno"]
[Black "Hausner, Ivan"]
[Result "0-1"]
[WhiteElo "2221"]
[BlackElo "2338"]
[PlyCount "63"]
[EventDate "2019.??.??"]

1. e4 c5 2. Nf3 d6 3. d4 cxd4 4. Nxd4 Nf6 5. Nc3 Nc6 6. Bg5 e6 7. Qd2 a6 8. f3
Be7 9. O-O-O Bd7 10. h4 h5 11. f4 b5 12. f5 b4 13. fxe6 fxe6 14. Nxc6 Bxc6 15.
Bxf6 Bxf6 16. Ne2 Rc8 17. Nd4 Qb6 18. Nxc6 Rxc6 19. Kb1 O-O 20. Be2 Qc5 21. g4
Rfc8 22. Bd3 hxg4 23. Rdg1 Qe5 24. Qc1 Rc3 25. Rd1 a5 26. a4 bxa3 27. bxc3 Rb8+
28. Ka2 Qxc3 29. Bb5 Rxb5 30. Rd3 Rb2+ 31. Ka1 Qc4 32. Rf1 0-1